[Event "It (open)"]
[Site "masterchessopen.com – Leuven (Belgium)"]
[Date "2006.11.09"]
[Round "0"]
[White "Akesson Ralf (SWE)"]
[Black "Montoya Irigoyen Inigo (ESP)"]
[Result "1-0"]
[WhiteElo "2467"]
[BlackElo "2064"]

1.d4 Nf6 2.c4 e6 3.g3 d5 4.Nf3 Be7 5.Bg2 O-O 6.O-O Nbd7 7.Qc2 Ne4 8.b3 Re8
9.Bb2 b6 10.Nfd2 Nef6 11.e4 dxe4 12.Nxe4 Rb8 13.Nbc3 Bb7 14.Rfe1 Nxe4 15.Nxe4
Nf6 16.d5 Nxe4 17.Bxe4 exd5 18.Bxh7+ Kh8 19.Qf5 d4 20.Qh5 Bg5 21.Rxe8+ Qxe8
22.Bxd4 Qc6 23.Bg6+ Kg8 24.Bxf7+ Kf8 25.Bd5 {#r} 1-0

[Event "Memorial N.Aratovsky (open)"]
[Site "masterchessopen.com – Saratov (Russia)"]
[Date "2006.12.05"]
[Round "9"]
[White "Lebedev Sergey (RUS)"]
[Black "Kim Alexey (KOR)"]
[Result "1-0"]
[WhiteElo "2279"]
[BlackElo "2428"]

1.d4 d5 2.c4 e6 3.Nf3 Nf6 4.g3 Be7 5.Bg2 O-O 6.O-O Nbd7 7.Qc2 a6 8.Nbd2 c5
9.cxd5 Nxd5 10.Ne4 cxd4 11.Nxd4 N7f6 12.Rd1 Qb6 13.Nxf6+ Bxf6 14.Nf3 a5 15.a3
Ne7 16.Bg5 e5 17.Bxf6 Qxf6 18.Qc3 Nc6 19.b4 axb4 20.axb4 Rxa1 21.Rxa1 Bg4
22.h3 Bh5 23.g4 Bg6 24.Rd1 Re8 25.b5 Na7 26.Nxe5 Nc8 27.Qc7 h5 28.g5 Qf5
29.Rd8 Rxd8 30.Qxd8+ Kh7 31.Nd7 Qb1+ 32.Kh2 {#r} 1-0

[Event "Memorial Polyak"]
[Site "masterchessopen.com – Novosibirsk (Russia)"]
[Date "2007.01.23"]
[Round "8"]
[White "Vishnyakov Igor (RUS)"]
[Black "Smetyukh Vladimir (RUS)"]
[Result "1-0"]
[WhiteElo "2182"]
[BlackElo "1918"]

1.d4 d5 2.Nf3 Nf6 3.c4 e6 4.g3 Be7 5.Bg2 O-O 6.Qc2 Nbd7 7.O-O Ne4 8.Nc3 Ndf6
9.Rd1 Nxc3 10.bxc3 dxc4 11.Ne5 Nd5 12.Nxc4 c6 13.e4 Nb6 14.Ne3 Qc7 15.a4 Bd7
16.a5 Nc8 17.f4 Rd8 18.c4 Bf8 19.c5 Ne7 20.Nc4 f5 21.Ne5 g6 22.a6 b6 23.Ba3 b5
24.Bb4 Qc8 25.exf5 Nxf5 26.Ba5 Re8 27.Qe4 Ne7 28.h4 Bg7 29.Be1 Rf8 30.Nf3 Nd5
31.Bh3 {#r} 1-0

[Event "It (open) \"]
[Site "masterchessopen.com – Gibraltar (England)"]
[Round "8"]
[White "Beltran Jorge (MEX)"]
[Black "Barclay Richard (RSA)"]
[Result "1-0"]
[WhiteElo "2049"]
[BlackElo "1832"]

1.d4 Nf6 2.c4 e6 3.g3 Be7 4.Bg2 d5 5.Nf3 Nbd7 6.O-O O-O 7.Qc2 Re8 8.b3 Nf8
9.Rd1 Bd7 10.Nc3 Bc6 11.Ne5 N6d7 12.Nxc6 bxc6 13.e4 Rb8 14.exd5 cxd5 15.cxd5
exd5 16.Nxd5 Bd6 17.Bb2 Ne6 18.Rac1 Nf6 19.Nxf6+ Qxf6 20.d5 Be5 21.Bxe5 {#r}
1-0

[Event "Ch France (team) (nat.2) 2006/07"]
[Site "masterchessopen.com – France"]
[Date "2007.03.18"]
[Round "9"]
[White "Le Masle Raphael (FRA)"]
[Black "Danet Brieuc (FRA)"]
[Result "1-0"]
[WhiteElo "2079"]
[BlackElo "2114"]

1.d4 Nf6 2.c4 e6 3.g3 d5 4.Bg2 Be7 5.Nf3 O-O 6.O-O Nbd7 7.Qc2 c5 8.cxd5 Nxd5
9.Nc3 Nb4 10.Qd1 cxd4 11.Nxd4 Nf6 12.e4 e5 13.Nf5 Be6 14.Qe2 a6 15.Be3 Rc8
16.Rfd1 Qe8 17.Rd2 Bc4 18.Qd1 Bc5 19.Bg5 Qe6 20.Bh3 Kh8 21.Kg2 Qc6 22.a3 Nxe4
23.Nxe4 Qxe4+ 24.f3 Qc6 25.axb4 Bxb4 26.Ne7 {#r} 1-0

[Event "Ch France (juniors) (under 10)"]
[Site "masterchessopen.com – Le Grand Bornand (France)"]
[Round "1"]
[White "Lamard Guillaume (FRA)"]
[Black "Delpierre Elie (FRA)"]
[Result "1-0"]
[WhiteElo "1945"]
[BlackElo "1837"]

1.d4 e6 2.c4 d5 3.Nf3 Nd7 4.g3 Ngf6 5.Bg2 Be7 6.O-O O-O 7.Qc2 b6 8.Ne5 Bb7
9.cxd5 Nxe5 10.dxe5 Nxd5 11.Rd1 Nb4 12.Qb3 Qc8 13.Nc3 Bxg2 14.Kxg2 Qb7+ 15.Kg1
Nc6 16.Bf4 g5 17.Be3 Nxe5 18.Qb5 Ng4 19.Bxg5 Bc5 20.Rf1 f6 21.Qc4 fxg5
22.Qxe6+ Kh8 23.Qxg4 h6 24.Rad1 Rad8 25.Rxd8 Rxd8 26.Qe6 Rd6 27.Qe8+ Kh7
28.Ne4 Rg6 29.Qf7+ Rg7 30.Nf6+ Kh8 31.Qe8+ {#r} 1-0

[Event "It (open)"]
[Site "masterchessopen.com – Slovenske Konjice (Slovenia)"]
[Date "2007.04.13"]
[Round "1"]
[White "Spelec Darko (SLO)"]
[Black "Gaber Luiza (SLO)"]
[Result "1-0"]
[WhiteElo "2019"]
[BlackElo "1491"]

1.d4 d5 2.Nf3 Nf6 3.c4 e6 4.g3 Be7 5.Bg2 O-O 6.O-O Nbd7 7.Qc2 c5 8.cxd5 exd5
9.Bf4 b6 10.Nc3 Bb7 11.Rfd1 cxd4 12.Nxd4 Nc5 13.Nf5 Re8 14.e4 g6 15.Nxe7+ Qxe7
16.exd5 Nh5 17.Be3 Rad8 18.Qd2 Rd7 19.b4 Na6 20.a3 Ng7 21.Re1 Qd8 22.Rad1 Nf5
23.Bg5 Rxe1+ 24.Rxe1 f6 25.Bf4 g5 26.Bh3 gxf4 27.Bxf5 Rd6 28.Qxf4 Bxd5 29.Nxd5
Nc7 30.Qg4+ Kf8 31.Ne7 {#r} 1-0

[Event "Ch World (team) (w)"]
[Site "masterchessopen.com – Ekaterinburg (Russia)"]
[Date "2007.05.21"]
[Round "2"]
[White "Khurtsidze Nino (GEO)"]
[Black "Lopang Tshepiso (BOT)"]
[Result "1-0"]
[WhiteElo "2450"]
[BlackElo "1888"]

1.d4 d5 2.c4 e6 3.Nf3 Nf6 4.g3 Be7 5.Bg2 O-O 6.O-O Nbd7 7.Qc2 Re8 8.Nbd2 Rb8
9.e4 dxe4 10.Nxe4 Nxe4 11.Qxe4 Nf8 12.Be3 b6 13.Ne5 Bb7 14.Qf4 Bf6 15.Nc6 Bxc6
16.Bxc6 Re7 17.Rad1 Ng6 18.Qe4 Nf8 19.b4 a6 20.Qf3 Nd7 21.h4 Qf8 22.Bg5 Bxg5
23.hxg5 Rd8 24.Kg2 Nb8 25.Be4 f5 26.gxf6 gxf6 27.d5 f5 28.Bc2 exd5 29.Rxd5
Rxd5 30.Qxd5+ Rf7 31.c5 f4 32.Bb3 {#r} 1-0

[Event "Ch Vietnam (juniors) (under 15)"]
[Site "masterchessopen.com – Vung Tau (Vietnam)"]
[Date "2007.07.12"]
[Round "7"]
[White "Tran Quang Khai (VIE)"]
[Black "Tran Ngo Thien Phu (VIE)"]
[Result "1-0"]
[WhiteElo "2025"]
[BlackElo "1893"]

1.d4 Nf6 2.c4 e6 3.g3 d5 4.Bg2 Be7 5.Nf3 O-O 6.Qc2 Nbd7 7.O-O b6 8.cxd5 exd5
9.Ne5 c5 10.Nc6 Qe8 11.Nxe7+ Qxe7 12.Nc3 Bb7 13.Rd1 c4 14.Bf4 Bc6 15.e4 dxe4
16.d5 Bb7 17.Nxe4 Nxe4 18.Bxe4 Nf6 19.Bg2 Qd7 20.Qxc4 Rac8 21.Qd4 Bxd5 22.Bxd5
Rcd8 23.Bg5 Nxd5 24.Bxd8 Rxd8 25.Rac1 h6 26.Rd2 Qf5 27.Rcd1 Rd7 28.Qc4 {#r}
1-0

[Event "Ch Switzerland"]
[Site "masterchessopen.com – Leukerbad (Switzerland)"]
[Date "2007.07.13"]
[Round "2"]
[White "Raetsky Alexander (RUS)"]
[Black "Eggenberger Stefan (SUI)"]
[Result "1-0"]
[WhiteElo "2410"]
[BlackElo "2140"]

1.d4 d5 2.c4 e6 3.Nf3 Nf6 4.g3 Be7 5.Bg2 O-O 6.O-O Nbd7 7.Qc2 c6 8.b3 Re8
9.Bb2 Nf8 10.Nc3 b6 11.e4 Nxe4 12.Nxe4 dxe4 13.Ne5 Bb7 14.Bxe4 Rc8 15.Rfd1 Bf6
16.f4 Qc7 17.c5 Red8 18.b4 Ba8 19.a3 Bb7 20.Rac1 Qb8 21.Qg2 Qa8 22.cxb6 Bxe5
23.fxe5 a5 24.b5 {#r} 1-0

[Event "It (open) \"]
[Site "masterchessopen.com – Berlin (Germany)"]
[Date "2008.05.02"]
[Round "4"]
[White "Rausch Erik Dr (GER)"]
[Black "Costello Colin (ENG)"]
[Result "0-1"]
[WhiteElo "1803"]
[BlackElo "2029"]

1.Nf3 Nf6 2.c4 e6 3.d4 d5 4.g3 Be7 5.Bg2 O-O 6.Qc2 Nbd7 7.O-O b6 8.b3 Bb7
9.Rd1 Rc8 10.Nc3 c5 11.cxd5 cxd4 12.Rxd4 Nxd5 13.Rc4 Rxc4 14.bxc4 Nxc3 15.Qxc3
Bf6 16.Nd4 Bxg2 17.Kxg2 Nc5 18.Be3 Qa8+ 19.f3 Rd8 20.Rb1 Qc8 21.Qa1 Qd7 22.Rd1
e5 23.g4 exd4 24.g5 Qe7 25.gxf6 Qxe3 {#R} 0-1

[Event "Ch Slovenia (qual)"]
[Site "masterchessopen.com – Sentjur (Slovenia)"]
[Date "2008.07.12"]
[Round "9"]
[White "Spelec Darko (SLO)"]
[Black "Gmajner Ivan"]
[Result "1-0"]
[WhiteElo "1960"]
[BlackElo "1909"]

1.d4 d5 2.Nf3 Nf6 3.c4 e6 4.g3 Be7 5.Bg2 O-O 6.O-O Nbd7 7.Qc2 b6 8.Bf4 c5
9.cxd5 exd5 10.Nc3 a6 11.Rad1 Bb7 12.dxc5 bxc5 13.Qb3 Qc8 14.Ne5 c4 15.Qc2 Nb6
16.Nf3 Rd8 17.Be5 Ne8 18.Bd4 Bc5 19.Ng5 g6 20.Qd2 Bxd4 21.Qxd4 Qc7 22.Rd2 Rac8
23.Rfd1 h6 24.Nf3 Qc5 25.Qf4 Kg7 26.Ne5 Nf6 27.Ne4 Qe7 28.Nxf6 Qxf6 29.Qxf6+
Kxf6 30.Ng4+ Kg7 31.e4 Rc5 32.Ne3 c3 33.bxc3 Rxc3 34.Rb1 {#r} 1-0

[Event "It (open)"]
[Site "masterchessopen.com – Stare Mesto (Czech Republic)"]
[Date "2008.08.11"]
[Round "5"]
[White "Camarena Gimenez Rufino (ESP)"]
[Black "Uricar Jakub (CZE)"]
[Result "1-0"]
[WhiteElo "2415"]
[BlackElo "2141"]

1.d4 d5 2.c4 e6 3.Nf3 Nf6 4.g3 Nbd7 5.Bg2 Be7 6.O-O O-O 7.Qc2 c6 8.b3 Re8
9.Nc3 Qa5 10.Bd2 Bb4 11.e4 dxe4 12.Nxe4 Bxd2 13.Nfxd2 e5 14.d5 cxd5 15.cxd5
Nxd5 16.Nc4 Qc7 17.Ned6 Re6 18.Nb5 Qc5 19.Bxd5 Rf6 20.Nc3 Nb6 21.Ne4 Qxd5
22.Rad1 Qc5 23.Ra1 Re6 24.Nc3 Qd5 25.Rad1 Nd7 26.Ra1 Qc6 27.Rad1 Nf6 {#r} 1-0

[Event "Tournament (open)"]
[Site "masterchessopen.com – Sao Bernardo (Brazil)"]
[Round "3"]
[White "Saito Vinicius (BRA)"]
[Black "de Vargas Ferreira Jonas"]
[Result "1-0"]
[WhiteElo "2070"]
[BlackElo "1728"]

1.d4 d5 2.Nf3 Nf6 3.c4 e6 4.g3 Be7 5.Bg2 O-O 6.Qc2 Nbd7 7.O-O c6 8.b3 Qc7
9.Bb2 Bd6 10.c5 Be7 11.b4 b6 12.Nbd2 Re8 13.a3 Bf8 14.Rac1 bxc5 15.bxc5 Rb8
16.Bc3 Ba6 17.Rfe1 g6 18.e4 dxe4 19.Nxe4 Nxe4 20.Qxe4 Nf6 21.Qh4 Bg7 22.Bd2
Nh5 23.Ne5 Bf6 24.Qg4 Bb5 25.Qf3 Red8 26.g4 Bxe5 27.Rxe5 Rxd4 28.Rce1 Ng7
29.Bc3 Rd3 30.R5e3 Rbd8 31.Rxd3 Rxd3 32.Qf6 Rxc3 33.Qxc3 Qf4 34.Rd1 {#r} 1-0

[Event "It (open) (active)"]
[Site "masterchessopen.com – El Sauzal (Spain)"]
[Date "2008.11.01"]
[Round "2"]
[White "Paunovic Dragan (SRB)"]
[Black "Garcia Rodriguez Vanessa (ESP)"]
[Result "1-0"]
[WhiteElo "2532"]
[BlackElo "1972"]

1.c4 e6 2.g3 d5 3.Bg2 Nf6 4.Nf3 Be7 5.O-O O-O 6.d4 Nbd7 7.Qc2 b6 8.cxd5 Nxd5
9.e4 Nb4 10.Qb3 Bb7 11.a3 Na6 12.Nc3 Nf6 13.Qc2 c5 14.Rd1 Qc8 15.d5 Rd8 16.Bg5
exd5 17.e5 Qe6 18.exf6 Bxf6 19.Re1 Qd6 20.Rad1 h6 21.Bf4 Qd7 22.Be5 Qc6 23.Qf5
Bc8 24.Qh5 Bxe5 25.Nxe5 Qc7 26.Nxd5 {#r} 1-0

[Event "Ch Ukraine (juniors) (under 20) (1/2 final) (g)"]
[Site "masterchessopen.com – Lvov (Ukraine)"]
[Date "2008.12.06"]
[Round "5"]
[White "Petrova Irina (UKR)"]
[Black "Zingaylo Antonina (UKR)"]
[Result "1-0"]
[WhiteElo "1992"]
[BlackElo "1690"]

1.d4 d5 2.c4 e6 3.Nf3 Nf6 4.g3 Nbd7 5.Bg2 Be7 6.O-O O-O 7.Qc2 c5 8.cxd5 Nxd5
9.Nc3 Nb4 10.Qb3 Nf6 11.dxc5 Bxc5 12.Bg5 h6 13.Ne4 hxg5 14.Nxc5 Qb6 15.Na4 Qa5
16.Nxg5 Qxg5 17.Qxb4 Rb8 18.Nc3 b6 19.Rad1 g6 20.Qe7 a5 21.Rd8 Nh7 22.Rxf8+
Kg7 23.Rxf7+ Kg8 24.Qe8+ {#r} 1-0

[Event "Tournament (Elo) \"]
[Site "masterchessopen.com – Elista (Russia)"]
[Date "2009.01.04"]
[Round "1"]
[White "Erendzhenov Stanislav (RUS)"]
[Black "Akunka Dmitry (RUS)"]
[Result "1-0"]
[WhiteElo "2285"]
[BlackElo "2029"]

1.d4 Nf6 2.g3 d5 3.Bg2 e6 4.Nf3 Be7 5.O-O O-O 6.c4 Nbd7 7.Qc2 a6 8.c5 c6 9.h4
e5 10.dxe5 Ne4 11.Nbd2 Ndxc5 {#r} 1-0

[Event "Ch Russia (juniors) (under 14)"]
[Site "masterchessopen.com – Dagomys (Russia)"]
[Date "2009.04.19"]
[Round "5"]
[White "Kezin Roman (RUS)"]
[Black "Usmanov Vasily (RUS)"]
[Result "1-0"]
[WhiteElo "2249"]
[BlackElo "2111"]

1.d4 d5 2.c4 e6 3.Nf3 Nf6 4.g3 Be7 5.Bg2 O-O 6.O-O Nbd7 7.Qc2 c5 8.cxd5 Nxd5
9.Nc3 Nb4 10.Qb3 cxd4 11.Nxd4 e5 12.Nf3 Nc6 13.Rd1 Qb6 14.Nd5 Qxb3 15.Nxe7+
Nxe7 16.axb3 Nc6 17.Be3 Re8 18.Nd2 Nf6 19.Nc4 Be6 20.Nd6 Re7 21.Nxb7 Nd5
22.Rxd5 Bxd5 23.Bxd5 Nb4 24.Be4 f5 25.Bxf5 Rxb7 26.Be4 Rab8 27.Bxb7 Rxb7
28.Rxa7 Rxa7 29.Bxa7 {#r} 1-0

[Event "It (open)"]
[Site "masterchessopen.com – Lauenburg (Germany)"]
[Date "2009.05.02"]
[Round "3"]
[White "Bodnar Alexander (UKR)"]
[Black "Magnussen Helge (GER)"]
[Result "1-0"]
[WhiteElo "2312"]
[BlackElo "2056"]

1.Nf3 e6 2.c4 Nf6 3.g3 d5 4.Bg2 Be7 5.O-O O-O 6.d4 Nbd7 7.Qc2 c5 8.Nbd2 b6
9.cxd5 exd5 10.dxc5 bxc5 11.e4 d4 12.e5 Nd5 13.Nxd4 Nxe5 14.Nf5 Bf6 15.Qxc5
Bxf5 16.Qxd5 Qxd5 17.Bxd5 Rad8 18.Be4 Bh3 19.Bg2 Bxg2 20.Kxg2 Nd3 21.Ne4 Bxb2
22.Bxb2 Nxb2 23.Rab1 Rb8 24.Rfc1 h6 25.Rc7 Rfe8 26.Nd6 Red8 27.Nxf7 Rd2 28.Ne5
Rd5 29.Nc6 {#r} 1-0

[Event "It (open)"]
[Site "masterchessopen.com – Erbendorf (Germany)"]
[Date "2009.06.11"]
[Round "1"]
[White "Haba Petr (CZE)"]
[Black "Wulff Christopher (GER)"]
[Result "1-0"]
[WhiteElo "2533"]
[BlackElo "1899"]

1.d4 Nf6 2.c4 e6 3.g3 d5 4.Bg2 Be7 5.Nf3 O-O 6.O-O Nbd7 7.Qc2 c6 8.b3 Re8
9.Nc3 Nf8 10.e4 dxe4 11.Nxe4 Nxe4 12.Qxe4 f5 13.Qc2 Bf6 14.Bb2 Qc7 15.Rfe1 Bd7
16.Rad1 Rad8 17.Bc1 Ng6 18.h4 Bc8 19.h5 Nh8 20.Bf4 Qf7 21.h6 g6 22.Bb8 a6
23.Ne5 Qf8 24.Bc7 Bxe5 25.Bxd8 Bxg3 26.fxg3 Rxd8 27.d5 {#r} 1-0

[Event "It (open)"]
[Site "masterchessopen.com – Ourense (Spain)"]
[Date "2009.07.07"]
[Round "1"]
[White "Andres Gonzalez Alberto (ESP)"]
[Black "Rodriguez Alvarez Sergio (ESP)"]
[Result "1-0"]
[WhiteElo "2485"]
[BlackElo "1753"]

1.Nf3 d5 2.d4 Nf6 3.c4 e6 4.Qc2 Be7 5.g3 O-O 6.Bg2 Nbd7 7.O-O Re8 8.Nbd2 c5
9.cxd5 exd5 10.b3 cxd4 11.Bb2 Nf8 12.Nxd4 Ne6 13.Nf5 Bf8 14.Rad1 g6 15.Ne3 d4
16.Nf3 Bc5 17.Nc4 Qc7 18.a3 a5 19.Rfe1 Rd8 20.Nfe5 Ra6 21.Nd3 Nd5 22.Nxc5 Qxc5
23.Qd2 Ne7 24.e3 Nc6 25.exd4 Ncxd4 26.Rxe6 Rxe6 27.Bxd4 Qh5 28.Qc1 b5 29.Ne3
Red6 30.Rd2 Be6 31.Bc3 Rxd2 32.Bxd2 Bh3 33.Bxa5 Rf8 34.Qc3 {#r} 1-0

[Event "It (open)"]
[Site "masterchessopen.com – Agios Kirykos (Greece)"]
[Date "2009.07.11"]
[Round "1"]
[White "Tukmakov Vladimir B (UKR)"]
[Black "Danchenko Dimitrios (UKR)"]
[Result "1-0"]
[WhiteElo "2549"]
[BlackElo "2022"]

1.Nf3 d5 2.d4 Nf6 3.c4 e6 4.g3 Nbd7 5.Bg2 Be7 6.O-O O-O 7.Qc2 Ne4 8.Nc3 Nxc3
9.bxc3 Bf6 10.cxd5 exd5 11.c4 c5 12.Bb2 dxc4 13.Qxc4 b5 14.Qc2 Bb7 15.Ng5 Bxg5
16.Bxb7 Rb8 17.Be4 c4 18.Bxh7+ Kh8 19.Bf5 Nb6 20.h4 Bf6 21.Rad1 b4 22.e4 c3
23.Bc1 g6 24.Bh3 Kg7 25.e5 Be7 26.d5 Rh8 27.Rfe1 Rh7 28.d6 Bxh4 29.gxh4 Qxh4
30.Bg2 Rbh8 31.Re4 Qh2+ 32.Kf1 {#r} 1-0

[Event "It (open)"]
[Site "masterchessopen.com – Avoine (France)"]
[Date "2009.07.20"]
[Round "3"]
[White "Doncea Vladimir (ROM)"]
[Black "Loiret Stanislas (FRA)"]
[Result "1-0"]
[WhiteElo "2460"]
[BlackElo "2268"]

1.c4 e6 2.g3 d5 3.Nf3 Nf6 4.Bg2 Be7 5.d4 O-O 6.Qc2 Nbd7 7.O-O c6 8.Rd1 b6 9.b3
Bb7 10.Nc3 Qc8 11.Bf4 Rd8 12.e4 h6 13.Ne5 dxe4 14.Nxe4 Nxe4 15.Qxe4 Nxe5
16.Bxe5 Rd7 17.Qg4 Qf8 18.c5 Rad8 19.b4 f6 20.Bf4 f5 21.Qe2 bxc5 22.dxc5 Rxd1+
23.Rxd1 Rxd1+ 24.Qxd1 Bf6 25.Qd7 Bc8 26.Qxc6 {#r} 1-0

[Event "It (open)"]
[Site "masterchessopen.com – Stara Pazova (Serbia)"]
[Date "2009.07.27"]
[Round "3"]
[White "Ilincic Zlatko (SRB)"]
[Black "Zobenica Ivan (SRB)"]
[Result "1-0"]
[WhiteElo "2479"]
[BlackElo "2066"]

1.d4 d5 2.c4 e6 3.Nf3 Nf6 4.g3 Nbd7 5.Bg2 Be7 6.O-O O-O 7.Qc2 b6 8.cxd5 exd5
9.Ne5 Nb8 10.Nc3 Bb7 11.Rd1 Na6 12.Bf4 Nh5 13.Be3 f6 14.Nxd5 Bxd5 15.Nc6 Bxc6
16.Qxc6 Nb4 17.Qc4+ Kh8 18.a3 b5 19.Qb3 f5 20.Bxa8 Qxa8 21.axb4 f4 22.Bd2 fxg3
23.hxg3 Bd6 24.Qd3 Qc8 25.Kg2 Qg4 26.Rh1 g6 27.Raf1 Bf4 28.Rh4 Qg5 29.Qf3 {#r}
1-0

[Event "It (open)"]
[Site "masterchessopen.com – Graz (Austria)"]
[Date "2009.08.29"]
[Round "1"]
[White "Karner Christoph (AUT)"]
[Black "Pirker Christian (AUT)"]
[Result "1-0"]
[WhiteElo "2373"]
[BlackElo "2122"]

1.d4 Nf6 2.c4 e6 3.g3 d5 4.Nf3 Be7 5.Bg2 O-O 6.O-O Nbd7 7.Qc2 Rb8 8.cxd5 exd5
9.Bf4 Ne8 10.Rc1 Bd6 11.Bxd6 cxd6 12.Nc3 Ndf6 13.Ne1 Nc7 14.Qa4 a6 15.Nd3 Bf5
16.Nf4 Be4 17.Qb3 Bxg2 18.Kxg2 Ne6 19.Ncxd5 Nxd4 20.Qd3 Ne6 21.Rc2 Ng4 22.Rd1
Re8 23.Nxe6 Rxe6 24.Qd4 Qg5 25.h3 Nh6 26.Nf4 Rf6 27.Rdc1 Qf5 28.Nd5 {#r} 1-0

[Event "Ch Romania (team) (w)"]
[Site "masterchessopen.com – Eforie Nord (Romania)"]
[Date "2009.09.22"]
[Round "4"]
[White "Sgircea Silvia-Raluca (ROM)"]
[Black "Sevastian Ana Denisse (ROM)"]
[Result "1-0"]
[WhiteElo "2199"]
[BlackElo "1682"]

1.Nf3 Nf6 2.c4 e6 3.g3 d5 4.Bg2 Be7 5.O-O O-O 6.Qc2 Nbd7 7.d4 c6 8.Rd1 b6 9.b3
Ba6 10.Nbd2 Rc8 11.e4 Qc7 12.Bb2 Rfd8 13.Rac1 Qb8 14.Qb1 Bb7 15.e5 Ne8 16.h4
h6 17.cxd5 cxd5 18.Nf1 Rxc1 19.Bxc1 Nf8 20.Ne3 Rc8 21.Nh2 Ba6 22.f4 Nc7 23.f5
Nb5 24.Bb2 Nc3 25.Bxc3 Rxc3 26.Kf2 Qc8 27.Bf1 Bxf1 28.Nhxf1 Nh7 29.Qb2 b5
30.Qe2 a6 31.Qg4 Kh8 32.Kg2 Qf8 33.fxe6 {#r} 1-0

[Event "Ch Belgrade (team) (qual. liga)"]
[Site "masterchessopen.com – Belgrade (Serbia)"]
[Date "2009.10.25"]
[Round "5"]
[White "Simic Radoslav (SRB)"]
[Black "Kokanovic Radenko (SRB)"]
[Result "1-0"]
[WhiteElo "2386"]
[BlackElo "2340"]

1.d4 e6 2.g3 d5 3.Nf3 Nf6 4.Bg2 Nbd7 5.O-O Be7 6.c4 O-O 7.Qc2 c5 8.cxd5 exd5
9.Nc3 cxd4 10.Nxd4 Nb6 11.Rd1 Bg4 12.h3 Bh5 13.Qb3 Qd7 14.a4 Rac8 15.a5 Nc4
16.Bg5 Rc5 17.a6 b6 18.g4 Bg6 19.e3 Rfc8 20.Nde2 Na5 21.Qa4 Qxa4 22.Nxa4 Rc2
23.Nd4 R2c7 24.Nb5 Rd7 25.Bxf6 Bxf6 26.Rxd5 Re7 27.g5 Be5 28.Nxa7 Rxa7 29.Nxb6
Re8 30.Raxa5 Bxb2 31.Rd7 Bc3 32.Ra4 {#r} 1-0

[Event "Ch Central Serbia"]
[Site "masterchessopen.com – Vrnjacka Banja (Serbia)"]
[Date "2009.11.09"]
[Round "1"]
[White "Lajthajm Borko (SRB)"]
[Black "Ilic Slobodan S (BIH)"]
[Result "1-0"]
[WhiteElo "2484"]
[BlackElo "2199"]

1.d4 Nf6 2.c4 e6 3.g3 d5 4.Bg2 Be7 5.Nf3 O-O 6.O-O Nbd7 7.Qc2 c6 8.Rd1 b6
9.Nc3 Bb7 10.b3 Rc8 11.Bb2 Qc7 12.Rac1 Qb8 13.e4 Rfd8 14.e5 Ne8 15.cxd5 cxd5
16.Qd3 Nf8 17.h4 Nc7 18.Nh2 Ba6 19.Qe3 Nb5 20.Ne2 Ba3 21.Bxa3 Nxa3 22.Nf4 Qb7
23.Ng4 Rxc1 24.Rxc1 Rc8 25.Nh5 Qe7 26.Rxc8 Bxc8 27.Bf1 Nc2 28.Qc1 Nxd4 29.Qxc8
Nf3+ 30.Kg2 Nxh4+ 31.gxh4 Qxh4 32.Be2 {#r} 1-0

[Event "Czech League 2009/10 (1st) East"]
[Site "masterchessopen.com – Czech Republic"]
[Date "2010.02.07"]
[Round "8"]
[White "Pavlik Petr"]
[Black "Pilch Roman"]
[Result "0-1"]
[WhiteElo "1941"]
[BlackElo "2170"]

1.d4 Nf6 2.Nf3 e6 3.c4 d5 4.g3 Be7 5.Bg2 O-O 6.O-O Nbd7 7.Qc2 c6 8.Rd1 b6 9.b3
Bb7 10.Nc3 Rc8 11.Bb2 Qc7 12.e4 dxe4 13.Nxe4 Nxe4 14.Qxe4 c5 15.Qe2 Nf6
16.dxc5 Qxc5 17.Nd4 Bxg2 18.Kxg2 Rfd8 19.Nf3 Qa5 20.Qe5 Qa6 21.a4 Qb7 22.Qe2
Nd7 23.Kg1 h6 24.Nd2 Nc5 25.Qg4 Bf8 26.Bc3 Rd3 27.Rac1 Rcd8 28.a5 Qd7 29.b4
Nb3 30.Rc2 g6 {#R} 0-1

[Event "Ch Bulgaria (team) (qual)"]
[Site "masterchessopen.com – Sofia (Bulgaria)"]
[Date "2010.02.20"]
[Round "2"]
[White "Trichkov Vasil (CZE)"]
[Black "Kolev Vasil (BUL)"]
[Result "1-0"]
[WhiteElo "2324"]
[BlackElo "2029"]

1.d4 Nf6 2.Nf3 d5 3.c4 e6 4.g3 Be7 5.Bg2 O-O 6.Qc2 Nbd7 7.O-O c6 8.Rd1 Re8
9.b3 Qc7 10.Nc3 b5 11.Bf4 Qa5 12.c5 b4 13.Na4 Ba6 14.a3 Qb5 15.Bf1 bxa3
16.Rxa3 Qb7 17.Nc3 e5 18.Nxe5 Nxe5 19.Bxe5 Bxc5 20.Rxa6 Bxd4 21.Bxd4 Qxa6
22.e4 Qa5 23.Bxf6 gxf6 24.exd5 cxd5 25.Nxd5 Re6 26.Qf5 Kg7 27.b4 Qa4 28.Rd4
{#r} 1-0

[Event "Czech League 2009/10 (1st) East"]
[Site "masterchessopen.com – Czech Republic"]
[Date "2010.02.21"]
[Round "9"]
[White "Beil Zdenek (CZE)"]
[Black "Pilch Roman"]
[Result "1-0"]
[WhiteElo "2266"]
[BlackElo "2170"]

1.d4 Nf6 2.Nf3 d5 3.c4 e6 4.g3 Be7 5.Bg2 O-O 6.O-O Nbd7 7.Qc2 c6 8.b3 b6 9.Nc3
Ba6 10.Nd2 Rc8 11.e4 b5 12.Rd1 bxc4 13.bxc4 Qa5 14.Nb3 Qd8 15.exd5 exd5 16.c5
Re8 17.Bd2 Nf8 18.Re1 Ng6 19.Bh3 Rb8 20.Ne2 Bxc5 21.dxc5 Bxe2 22.Ba5 Qe7
23.Bf1 Ne4 24.Rxe2 Qf6 25.Rae1 Ne5 26.Bg2 Nf3+ 27.Bxf3 Qxf3 28.Nd2 {#r} 1-0

[Event "Tournament (qual)"]
[Site "masterchessopen.com – Asuncion (Paraguay)"]
[Date "2010.04.13"]
[Round "1"]
[White "Recalde Ariel (PAR)"]
[Black "Avalos Leticia (PAR)"]
[Result "1-0"]
[WhiteElo "2014"]
[BlackElo "1633"]

1.d4 Nf6 2.c4 e6 3.g3 d5 4.Bg2 Be7 5.Nf3 O-O 6.O-O Nbd7 7.Qc2 b6 8.cxd5 Nxd5
9.e4 Nb4 10.Qb3 Rb8 11.Bf4 Bb7 12.Nc3 a6 13.Rfd1 Nf6 14.Ne5 Qc8 15.a3 Nc6
16.Nxc6 Bxc6 17.e5 Nd5 18.Nxd5 Bxd5 19.Bxd5 exd5 20.Qxd5 Qh3 21.Rac1 Rbc8
22.Qb7 Qd7 23.Qxa6 g5 24.Be3 f5 25.Qc4+ Kh8 26.e6 Qe8 27.d5 Qh5 28.Bd4+ Bf6
29.d6 Ra8 30.e7 Rf7 31.Bxf6+ Rxf6 32.d7 {#r} 1-0

[Event "It (open)"]
[Site "masterchessopen.com – Spijkenisse (Netherlands)"]
[Date "2010.05.15"]
[Round "3"]
[White "Van Den Ouden Lendert (NED)"]
[Black "Looy Gijsbert"]
[Result "1-0"]
[WhiteElo "2021"]
[BlackElo "1758"]

1.Nf3 d5 2.d4 e6 3.c4 Nf6 4.g3 Be7 5.Bg2 O-O 6.O-O Nbd7 7.Qc2 c5 8.cxd5 Nxd5
9.dxc5 Nxc5 10.a3 a5 11.e4 Nf6 12.Rd1 Qb6 13.Nc3 Qb3 14.Qe2 Na4 15.Nb5 Bd7
16.Rxd7 Nxd7 17.Nfd4 Nc3 18.bxc3 Qa4 19.e5 Nc5 20.Rb1 Rad8 21.Be3 Rd7 22.Bf3
Na6 23.Be4 Rc8 24.Bd3 g6 25.h4 Bf8 26.Bg5 Rc5 27.Bf6 Nc7 28.h5 Nd5 29.hxg6
hxg6 30.c4 Nxf6 31.exf6 Rc8 32.Nxe6 {#r} 1-0

[Event "Ch Bulgaria (team) (2 div)"]
[Site "masterchessopen.com – Albena (Bulgaria)"]
[Date "2010.05.29"]
[Round "4"]
[White "Trichkov Vasil (CZE)"]
[Black "Hristov Atanas (BUL)"]
[Result "1-0"]
[WhiteElo "2324"]
[BlackElo "2231"]

1.d4 d5 2.Nf3 Nf6 3.c4 e6 4.g3 Be7 5.Bg2 O-O 6.O-O Nbd7 7.Qc2 c6 8.b3 b6 9.Rd1
Bb7 10.Nc3 Rc8 11.e4 dxe4 12.Nxe4 Nxe4 13.Qxe4 Qc7 14.Bf4 Bd6 15.Bxd6 Qxd6
16.c5 Qe7 17.Rac1 Rfd8 18.b4 Rc7 19.a3 h6 20.Ne5 bxc5 21.dxc5 Nxe5 22.Qxe5 f6
23.Rxd8+ Qxd8 24.Qxe6+ {#r} 1-0